[Event "60. BEM 2006"]
[Site "Dortmund"]
[Date "2006.03.06"]
[Round "1.19"]
[White "Rutmann, Ulrich"]
[Black "Iwannek, Ralf"]
[Result "0-1"]
[WhiteElo "1393"]
[BlackElo "1808"]
[PlyCount "109"]
[EventDate "2006.??.??"]
[Source "SG Dortmund"]
[SourceDate "2004.12.16"]

1. e4 e6 2. d4 d5 3. exd5 exd5 4. Nf3 Bd6 5. Be2 Nf6 6. Bg5 O-O 7. O-O Re8 8.
c3 c6 9. Nbd2 Bg4 10. h3 Bxf3 11. Nxf3 Nbd7 12. Bd3 Qc7 13. Qc2 h6 14. Be3 Bf4
15. Rae1 Bxe3 16. fxe3 Re7 17. Qf2 Rae8 18. Nh4 Nh5 19. Nf5 g6 20. Nxe7+ Rxe7
21. Qh4 Re6 22. Rf3 Kg7 23. Ref1 Nhf6 24. b3 Qd6 25. Qg3 Qxg3 26. Rxg3 Ne4 27.
Bxe4 dxe4 28. h4 Nf6 29. c4 b6 30. b4 h5 31. Rd1 Ng4 32. d5 cxd5 33. cxd5 Rd6
34. Rd4 f5 35. Rh3 Kf6 36. g3 Ke5 37. Rh1 Nxe3 38. Rd2 Nxd5 39. Kh2 Rc6 40. Re1
Nxb4 41. Red1 Nd3 42. Re2 Kd4 43. Red2 Rc3 44. Rb2 Ke3 45. Rb5 Rc2+ 46. Kg1 Ke2
47. Rf1 e3 48. Rd5 Nf2 49. Rd6 g5 50. hxg5 Ne4 51. Rd5 Nxg3 52. Rfd1 Kf3 53.
Rf1+ Nxf1 54. Rxf5+ Kg4 55. Rxf1 0-1

[Event "60. BEM 2006"]
[Site "Dortmund"]
[Date "2006.03.06"]
[Round "1.20"]
[White "Gielisch, Eckhart"]
[Black "Baier, Jörg"]
[Result "1-0"]
[WhiteElo "1807"]
[BlackElo "1388"]
[PlyCount "47"]
[EventDate "2006.??.??"]
[Source "SG Dortmund"]
[SourceDate "2004.12.16"]

1. d4 Nf6 2. c4 e6 3. Nf3 b6 4. g3 Ba6 5. b3 Bb7 6. Bg2 Bb4+ 7. Bd2 a5 8. O-O
d6 9. a3 Bxd2 10. Nbxd2 O-O 11. Qc2 Nbd7 12. e4 e5 13. Rad1 Qe7 14. Rfe1 exd4
15. Nxd4 g6 16. e5 Bxg2 17. exf6 Qxf6 18. Kxg2 Qxd4 19. Re7 Qc5 20. Ne4 Qf5 21.
Rxd7 Rfe8 22. f3 Rxe4 23. Qxe4 Qxd7 24. Qxa8+ 1-0

[Event "60. BEM 2006"]
[Site "Dortmund"]
[Date "2006.03.06"]
[Round "1.21"]
[White "Krüger, Inge"]
[Black "Sonntag, Joachim"]
[Result "0-1"]
[WhiteElo "1351"]
[BlackElo "1787"]
[PlyCount "70"]
[EventDate "2006.??.??"]
[Source "SG Dortmund"]
[SourceDate "2004.12.16"]

1. d4 d5 2. c4 e6 3. Nc3 Nf6 4. Nf3 c6 5. cxd5 exd5 6. Bg5 Be7 7. e3 O-O 8. Be2
Re8 9. O-O Nbd7 10. Rc1 h6 11. Bh4 Ne4 12. Bxe7 Qxe7 13. a3 Ng5 14. b4 Nxf3+
15. Bxf3 Nf6 16. h3 Bf5 17. g4 Bg6 18. Re1 a5 19. Qb3 axb4 20. axb4 h5 21. g5
Ne4 22. h4 Nd2 23. Qd1 Nxf3+ 24. Qxf3 Qxb4 25. Ne2 Re4 26. Nf4 Qe7 27. Nxg6
fxg6 28. Qh3 Ra2 29. f4 Kh7 30. Rc3 Qb4 31. Rec1 Ra3 32. Rxa3 Qxa3 33. Re1 Rxf4
34. Qg2 Rg4 35. Kh1 Qd3 0-1

[Event "60. BEM 2006"]
[Site "Dortmund"]
[Date "2006.03.06"]
[Round "1.22"]
[White "Klein, Hans-Joachim"]
[Black "Sroka, Andreas"]
[Result "1-0"]
[WhiteElo "1781"]
[BlackElo "1342"]
[PlyCount "87"]
[EventDate "2006.??.??"]
[Source "SG Dortmund"]
[SourceDate "2004.12.16"]

1. d4 Nf6 2. a3 e6 3. c4 Be7 4. Bf4 O-O 5. e3 b6 6. Qf3 d5 7. Be2 Bb7 8. Nc3 a6
9. Qg3 c5 10. dxc5 Bxc5 11. Rd1 Qc8 12. Bh6 Ne8 13. cxd5 exd5 14. Nxd5 Qe6 15.
Bf4 Bxd5 16. Rxd5 Qxd5 17. Bf3 Qc4 18. Bxa8 Qc1+ 19. Ke2 Qxb2+ 20. Kf3 Qf6 21.
Ne2 Nd7 22. Qg5 Qxg5 23. Bxg5 Ne5+ 24. Kg3 Nd6 25. Bd5 h6 26. Bf4 Nf5+ 27. Kh3
Nd3 28. Rf1 g5 29. Be4 Nxf4+ 30. exf4 Nd6 31. Bd3 Re8 32. Bxa6 b5 33. Nc3 Bd4
34. Nxb5 Ra8 35. Nxd6 Rxa6 36. Nf5 Rxa3+ 37. Kg4 Bb6 38. Nxh6+ Kg7 39. Nf5+ Kg6
40. fxg5 Ra2 41. Nh4+ Kg7 42. f4 Bf2 43. g3 Bd4 44. Nf5+ 1-0

[Event "60. BEM 2006"]
[Site "Dortmund"]
[Date "2006.03.06"]
[Round "1.24"]
[White "Jähnicke, Karl-Heinz"]
[Black "Bötzel, Sascha"]
[Result "1-0"]
[WhiteElo "1763"]
[BlackElo "1300"]
[PlyCount "69"]
[EventDate "2006.??.??"]
[Source "SG Dortmund"]
[SourceDate "2004.12.16"]

1. d4 Nf6 2. c4 g6 3. Nc3 Bg7 4. e4 d6 5. h3 O-O 6. Nf3 Re8 7. Bg5 Nbd7 8. e5
dxe5 9. dxe5 Nh5 10. g4 Nxe5 11. Nxe5 f6 12. Qxd8 Rxd8 13. gxh5 fxg5 14. Nf3 g4
15. Ng5 h6 16. Nge4 Bf5 17. hxg4 Bxg4 18. Be2 Bf5 19. f3 g5 20. Rd1 c6 21. b4
Rac8 22. Kf2 a6 23. Rxd8+ Rxd8 24. Rd1 Rxd1 25. Bxd1 Bd4+ 26. Kg2 Kf7 27. Ne2
Bxe4 28. fxe4 Be5 29. Kf3 b5 30. cxb5 cxb5 31. a4 Bd6 32. axb5 axb5 33. Nc3
Bxb4 34. Bb3+ Kf6 35. Nd5+ 1-0

[Event "60. BEM 2006"]
[Site "Dortmund"]
[Date "2006.03.06"]
[Round "1.25"]
[White "Clausen, Dirk"]
[Black "Grewe, Markus"]
[Result "0-1"]
[WhiteElo "1287"]
[BlackElo "1751"]
[PlyCount "104"]
[EventDate "2006.??.??"]
[Source "SG Dortmund"]
[SourceDate "2004.12.16"]

1. d4 d5 2. Nf3 Nf6 3. e3 Bf5 4. c4 e6 5. Nc3 c6 6. Bd3 dxc4 7. Bxc4 Nbd7 8.
Bd3 Bg6 9. a3 Bd6 10. b4 Qc7 11. Bb2 Rd8 12. Qc2 O-O 13. O-O Bh5 14. Ng5 Bxh2+
15. Kh1 h6 16. Nge4 Nxe4 17. Bxe4 f5 18. f4 Bg3 19. Bf3 Nf6 20. Ne2 Bxf3 21.
Rxf3 Bh4 22. g3 g5 23. gxh4 g4 24. Rg1 Qe7 25. Ng3 Nd5 26. Rf2 Nxe3 27. Qe2 Nd5
28. Qe5 Qxh4+ 29. Rh2 Qf6 30. Qe1 Rf7 31. Nh5 Qg6 32. Qe5 Re8 33. Kg2 Rh7 34.
Kg3 Kf7 35. Re1 Re7 36. Rd1 Qg8 37. Rdh1 Qd8 38. Kf2 a5 39. Ng3 Kg6 40. Ne2
axb4 41. Ra1 h5 42. Kg3 Nf6 43. axb4 h4+ 44. Kg2 Qd5+ 45. Qxd5 exd5 46. Kf1 Ne4
47. Ra3 Nd2+ 48. Kf2 Kf6 49. Rh1 g3+ 50. Ke1 Nc4 51. Rb3 g2 52. Rg1 h3 0-1

[Event "60. BEM 2006"]
[Site "Dortmund"]
[Date "2006.03.06"]
[Round "1.26"]
[White "Kolodziej, Dennis"]
[Black "Schoppe, Hans-Werner"]
[Result "1-0"]
[WhiteElo "1727"]
[BlackElo "1267"]
[PlyCount "85"]
[EventDate "2006.??.??"]
[Source "SG Dortmund"]
[SourceDate "2004.12.16"]

1. e4 e5 2. Nf3 d6 3. d4 Bg4 4. Be2 Bxf3 5. Bxf3 Nd7 6. c3 Ngf6 7. Qb3 Nb6 8.
a4 a5 9. Be3 Nfd7 10. Nd2 exd4 11. Bxd4 c5 12. Be3 Ne5 13. Be2 Qc7 14. f4 Ned7
15. O-O Be7 16. Rf3 Nf6 17. Bb5+ Nbd7 18. h3 O-O 19. g4 Nb6 20. g5 Nh5 21. h4
Rad8 22. Be2 g6 23. Rh3 d5 24. Bxh5 gxh5 25. e5 d4 26. cxd4 cxd4 27. Bf2 Bc5
28. Ne4 Bb4 29. Nf6+ Kh8 30. Qf3 Be7 31. Nxh7 Qc6 32. Qxh5 Qg6 33. Qxg6 fxg6
34. Nxf8 Bxf8 35. Rd3 Bc5 36. b3 Kg7 37. Rad1 Kf7 38. Bxd4 Bxd4+ 39. Rxd4 Rxd4
40. Rxd4 Nc8 41. Kf2 Ke6 42. Kf3 b6 43. Kg4 1-0

[Event "60. BEM 2006"]
[Site "Dortmund"]
[Date "2006.03.06"]
[Round "1.27"]
[White "Wengelnik, Erwin"]
[Black "Schultz, Bernfried"]
[Result "0-1"]
[WhiteElo "1238"]
[BlackElo "1716"]
[PlyCount "68"]
[EventDate "2006.??.??"]
[Source "SG Dortmund"]
[SourceDate "2004.12.16"]

1. d4 Nf6 2. Nf3 e6 3. Bf4 d5 4. c3 c5 5. e3 a6 6. Nbd2 Nc6 7. Nb3 b6 8. Be2
Bb7 9. h3 Bd6 10. Bxd6 Qxd6 11. O-O O-O 12. Qc2 Rac8 13. Qd1 Rfe8 14. Rc1 e5
15. dxe5 Nxe5 16. Nbd2 Qe6 17. Nxe5 Qxe5 18. Bf3 Rcd8 19. Qb3 Qc7 20. Qc2 Re5
21. Rfe1 Rde8 22. Qb1 Bc8 23. Nf1 Rg5 24. Ng3 h5 25. e4 h4 26. Nf1 Bxh3 27.
exd5 Rxe1 28. Rxe1 Qd7 29. Qd1 Bxg2 30. Bxg2 h3 31. Ng3 hxg2 32. Re3 Qh3 33.
Qf3 Rxg3 34. fxg3 Qh1+ 0-1

[Event "60. BEM 2006"]
[Site "Dortmund"]
[Date "2006.03.06"]
[Round "1.28"]
[White "Volmer, Martin"]
[Black "Hansen, Jochen"]
[Result "1-0"]
[WhiteElo "1704"]
[BlackElo "1232"]
[PlyCount "59"]
[EventDate "2006.??.??"]
[Source "SG Dortmund"]
[SourceDate "2004.12.16"]

1. d4 d5 2. Nf3 Nf6 3. Bg5 e6 4. e3 Be7 5. Bd3 O-O 6. Nbd2 Nbd7 7. c3 c5 8. Ne5
c4 9. Bc2 Ne4 10. Bxe7 Qxe7 11. Nxd7 Bxd7 12. Nxe4 dxe4 13. Bxe4 Rab8 14. b3
Rfc8 15. bxc4 Rxc4 16. Qd3 Rbc8 17. Rc1 Qa3 18. O-O Rxc3 19. Rxc3 Rxc3 20. Qb1
g6 21. Bxb7 Ba4 22. Be4 f5 23. Qb8+ Kg7 24. Qxa7+ Kh6 25. Bf3 Rc1 26. Qa6 Rxf1+
27. Qxf1 Qxa2 28. h4 Qb2 29. Qc4 Bd7 30. Qc7 1-0

[Event "60. BEM 2006"]
[Site "Dortmund"]
[Date "2006.03.06"]
[Round "1.29"]
[White "Marienfeld, Udo"]
[Black "Werner, Patrick"]
[Result "0-1"]
[WhiteElo "1220"]
[BlackElo "1691"]
[PlyCount "44"]
[EventDate "2006.??.??"]
[Source "SG Dortmund"]
[SourceDate "2004.12.16"]

1. e4 c5 2. Nf3 d6 3. d4 cxd4 4. Nxd4 Nf6 5. Nc3 a6 6. Bc4 Qc7 7. Bb3 e6 8. O-O
Be7 9. Bg5 O-O 10. Qd2 b5 11. a4 b4 12. Bxf6 bxc3 13. Nxe6 fxe6 14. Bxc3 Nc6
15. f4 Kh8 16. Rf3 Bf6 17. e5 dxe5 18. fxe5 Nxe5 19. Bxe5 Qxe5 20. c3 Bb7 21.
Re3 Qc5 22. Kh1 Bg5 0-1

[Event "60. BEM 2006"]
[Site "Dortmund"]
[Date "2006.03.06"]
[Round "1.30"]
[White "Rölz, Marcus"]
[Black "Fahle, Karl-Wilhelm"]
[Result "1-0"]
[WhiteElo "1674"]
[BlackElo "1185"]
[PlyCount "61"]
[EventDate "2006.??.??"]
[Source "SG Dortmund"]
[SourceDate "2004.12.16"]

1. Nf3 Nf6 2. d4 g6 3. Bf4 Bg7 4. Nbd2 d5 5. e3 O-O 6. Bd3 Bg4 7. h3 Bxf3 8.
gxf3 Nbd7 9. c3 e5 10. Bg5 exd4 11. cxd4 c5 12. dxc5 Nxc5 13. Qe2 d4 14. e4 h6
15. Bh4 g5 16. Bg3 Nxd3+ 17. Qxd3 Re8 18. O-O Nh5 19. Rac1 Nf4 20. Bxf4 gxf4
21. Kh2 Qh4 22. Qe2 Be5 23. Rg1+ Kh7 24. Rg4 Qf6 25. Qb5 Qb6 26. Qd5 Re6 27.
Nc4 Qc7 28. Rcg1 Rg6 29. Nxe5 Rf8 30. Nxg6 fxg6 31. Rxg6 1-0

[Event "60. BEM 2006"]
[Site "Dortmund"]
[Date "2006.03.06"]
[Round "1.31"]
[White "Hast, Stefan"]
[Black "Duschek, Günter"]
[Result "0-1"]
[WhiteElo "1169"]
[BlackElo "1674"]
[PlyCount "68"]
[EventDate "2006.??.??"]
[Source "SG Dortmund"]
[SourceDate "2004.12.16"]

1. e4 d5 2. exd5 Qxd5 3. Nc3 Qd8 4. Nf3 c6 5. d4 Bf5 6. Bd3 Bxd3 7. Qxd3 e6 8.
Bf4 Nf6 9. O-O Be7 10. Rab1 a5 11. Rfe1 Na6 12. a3 Nc7 13. Bxc7 Qxc7 14. Ne2
Rd8 15. b4 axb4 16. axb4 Nd5 17. c3 b5 18. Rb3 Ra8 19. Qe4 Ra2 20. Kf1 O-O 21.
g3 Rfa8 22. Nc1 R2a3 23. Qd3 Rxb3 24. Nxb3 Ra3 25. Nfd2 Qa7 26. Rc1 Bd8 27. Nc5
Nxb4 28. Qf3 Nd5 29. Ndb3 Be7 30. Kg2 Bxc5 31. Nxc5 b4 32. Ne4 bxc3 33. Qd1 Ra2
34. Nxc3 Ne3+ 0-1

[Event "60. BEM 2006"]
[Site "Dortmund"]
[Date "2006.03.06"]
[Round "1.32"]
[White "Sennholz, Michael"]
[Black "Müller, Michaela"]
[Result "1-0"]
[WhiteElo "1674"]
[BlackElo "1098"]
[PlyCount "59"]
[EventDate "2006.??.??"]
[Source "SG Dortmund"]
[SourceDate "2004.12.16"]

1. e4 e6 2. d3 Nf6 3. e5 Nd5 4. d4 d6 5. Nf3 Nc6 6. Bb5 Bd7 7. exd6 Bxd6 8. c4
Nf6 9. c5 Be7 10. Nc3 b6 11. Ne5 Nxe5 12. dxe5 Bxb5 13. exf6 Qxd1+ 14. Kxd1
Rd8+ 15. Ke1 Bxf6 16. Nxb5 Rd7 17. c6 Re7 18. Bd2 Bxb2 19. Rb1 Be5 20. Bb4 Bd6
21. Nxd6+ cxd6 22. Bxd6 Kd8 23. Rc1 f6 24. c7+ Kd7 25. Bxe7 Rc8 26. Bd8 Ke8 27.
Ke2 Kf7 28. Rhd1 e5 29. Rc6 h6 30. a4 1-0

[Event "60. BEM 2006"]
[Site "Dortmund"]
[Date "2006.03.06"]
[Round "1.33"]
[White "Dedeck, Sylvia"]
[Black "Raskin, Vitali"]
[Result "0-1"]
[WhiteElo "984"]
[BlackElo "1663"]
[PlyCount "52"]
[EventDate "2006.??.??"]
[Source "SG Dortmund"]
[SourceDate "2004.12.16"]

1. d4 d5 2. c4 dxc4 3. e4 e6 4. Bxc4 Nf6 5. Nc3 Bb4 6. e5 Nd5 7. Bd2 Nb6 8.
Nce2 Bxd2+ 9. Qxd2 Nxc4 10. Qc2 b5 11. Nf3 Bb7 12. Qd3 Nd7 13. O-O a6 14. b3
Ndxe5 15. Nxe5 Nxe5 16. Qg3 Ng6 17. Rad1 Qd6 18. f4 Ne7 19. Qe3 Qd5 20. Rf2 Nf5
21. Qh3 O-O-O 22. Qg4 Ne3 23. Nc3 Nxg4 24. Nxd5 Nxf2 25. Ne7+ Kd7 26. Kxf2 Kxe7
0-1

[Event "60. BEM 2006"]
[Site "Dortmund"]
[Date "2006.03.06"]
[Round "1.36"]
[White "Pachura, Karl-Heinz"]
[Black "Gennat, Egon L"]
[Result "1-0"]
[WhiteElo "1309"]
[BlackElo "1380"]
[PlyCount "71"]
[EventDate "2006.??.??"]
[Source "SG Dortmund"]
[SourceDate "2004.12.16"]

1. e4 d5 2. exd5 Qxd5 3. Nc3 Qa5 4. d4 c6 5. Bd2 Bf5 6. Nf3 e6 7. a3 Bd6 8. Ne4
Qc7 9. Nxd6+ Qxd6 10. Be3 Nf6 11. Bd3 Bg4 12. h3 Bh5 13. g4 Bg6 14. Ne5 Qd5 15.
f3 Nbd7 16. Nxg6 hxg6 17. Qe2 Nxg4 18. Be4 Qd6 19. fxg4 Nf6 20. Qf3 Nxe4 21.
Qxe4 O-O-O 22. O-O-O f5 23. Qf3 Rhf8 24. Qf4 Qd5 25. Kb1 Qb5 26. Qf1 Qd5 27. c4
Qe4+ 28. Qd3 Qf3 29. Bc1 Qf2 30. Qe3 Qh4 31. Qg5 Qf2 32. Qf4 Qh4 33. g5 Qh5 34.
Rde1 Rfe8 35. Qe5 Qf3 36. Bf4 1-0

[Event "60. BEM 2006"]
[Site "Dortmund"]
[Date "2006.03.07"]
[Round "2.1"]
[White "Eismont, Igor"]
[Black "Gielisch, Eckhart"]
[Result "1-0"]
[WhiteElo "2239"]
[BlackElo "1807"]
[PlyCount "97"]
[EventDate "2006.??.??"]
[Source "SG Dortmund"]
[SourceDate "2004.12.16"]

1. d4 d5 2. c4 e6 3. Nc3 Nf6 4. Bg5 Nbd7 5. e3 c6 6. cxd5 exd5 7. Bd3 Be7 8.
Qc2 O-O 9. Nge2 Re8 10. O-O g6 11. Rad1 Nh5 12. Bxe7 Qxe7 13. Ng3 Nxg3 14. hxg3
Nb6 15. Rfe1 Be6 16. Ne2 Rac8 17. Rc1 Nd7 18. Qd2 c5 19. Bb5 c4 20. Nc3 a6 21.
Bxd7 Qxd7 22. e4 b5 23. Qg5 Qd8 24. Qe5 f6 25. Qf4 g5 26. Qf3 dxe4 27. Nxe4 Kg7
28. Nc5 Bf7 29. Rxe8 Qxe8 30. Nxa6 Rd8 31. Qc3 Qe4 32. Rd1 Bd5 33. f3 Qe7 34.
Nb4 Bb7 35. g4 Re8 36. Nc2 Qd6 37. Re1 Rxe1+ 38. Qxe1 Kf7 39. Kf2 Bc6 40. a3
Bd7 41. Qe3 Kg6 42. Nb4 h6 43. Na2 f5 44. gxf5+ Kxf5 45. Nc3 Bc6 46. d5 Bd7 47.
Qe4+ Kf6 48. Qh7 Ke5 49. Qg7+ 1-0

[Event "60. BEM 2006"]
[Site "Dortmund"]
[Date "2006.03.07"]
[Round "2.2"]
[White "Iwannek, Ralf"]
[Black "Goldschmidt, Christian"]
[Result "0-1"]
[WhiteElo "1808"]
[BlackElo "2085"]
[PlyCount "112"]
[EventDate "2006.??.??"]
[Source "SG Dortmund"]
[SourceDate "2004.12.16"]

1. e4 d6 2. d4 Nf6 3. Nc3 g6 4. h3 Bg7 5. Nf3 O-O 6. Be3 c6 7. Qd2 b5 8. a3
Nfd7 9. Bh6 Nb6 10. Bxg7 Kxg7 11. Be2 Nc4 12. Bxc4 bxc4 13. O-O Nd7 14. Rfd1
Rb8 15. Rab1 Qa5 16. Qg5 Qxg5 17. Nxg5 a5 18. Nf3 Nb6 19. Nd2 Ba6 20. f3 Rfc8
21. Kf2 c5 22. d5 Rc7 23. Ke3 Bc8 24. Rdc1 Ba6 25. b3 cxb3 26. cxb3 e6 27. a4
exd5 28. exd5 Re7+ 29. Kf2 Nxd5 30. Nde4 Nb4 31. Rd1 Bd3 32. Rb2 c4 33. Nxd6
cxb3 34. Kg3 Bc2 35. Rd2 Rd7 36. Ncb5 Kf8 37. Ne4 Rxd2 38. Nxd2 Nd3 39. Rxb3
Bxb3 40. Nxb3 Nb2 41. Nxa5 Nxa4 42. Nd4 Rb2 43. f4 Nc3 44. Nac6 Ne2+ 45. Nxe2
Rxe2 46. Nd4 Rd2 47. Nf3 Rd5 48. h4 h5 49. Ng5 Ke7 50. Nf3 f6 51. Kf2 Ke6 52.
g3 Kf5 53. Kg2 Rd3 54. Kf2 Kg4 55. Nh2+ Kh3 56. Nf1 f5 0-1

[Event "60. BEM 2006"]
[Site "Dortmund"]
[Date "2006.03.07"]
[Round "2.3"]
[White "Tkachuk, Sergiy"]
[Black "Klein, Hans-Joachim"]
[Result "1-0"]
[WhiteElo "2068"]
[BlackElo "1781"]
[PlyCount "75"]
[EventDate "2006.??.??"]
[Source "SG Dortmund"]
[SourceDate "2004.12.16"]

1. e4 e5 2. Nf3 Nc6 3. Bc4 Bc5 4. b4 Bxb4 5. c3 Bc5 6. d4 exd4 7. O-O Na5 8.
cxd4 Nxc4 9. dxc5 d6 10. Qa4+ c6 11. Qxc4 Qf6 12. e5 dxe5 13. Bb2 Be6 14. Qe4
Bd5 15. Qxe5+ Qxe5 16. Bxe5 f6 17. Bd6 Bxf3 18. gxf3 Kd7 19. Nc3 Nh6 20. Rab1
b6 21. Rfd1 Ke6 22. Re1+ Kf7 23. cxb6 axb6 24. Rxb6 Nf5 25. Rxc6 Rhd8 26. Bf4
Nd4 27. Rc7+ Kg8 28. Kg2 g5 29. Bc1 Nf5 30. Ne4 Ra6 31. Bb2 Nh4+ 32. Kg3 Nf5+
33. Kg4 Nd4 34. Bxd4 Rxd4 35. Rb1 Ra8 36. Rbb7 f5+ 37. Kxf5 Rf8+ 38. Nf6+ 1-0

[Event "60. BEM 2006"]
[Site "Dortmund"]
[Date "2006.03.07"]
[Round "2.4"]
[White "Sonntag, Joachim"]
[Black "Naundorf, Maik"]
[Result "0-1"]
[WhiteElo "1787"]
[BlackElo "2061"]
[PlyCount "52"]
[EventDate "2006.??.??"]
[Source "SG Dortmund"]
[SourceDate "2004.12.16"]

1. e4 c5 2. Nf3 g6 3. d4 cxd4 4. Nxd4 Nc6 5. c3 Nf6 6. Nxc6 bxc6 7. f3 Bg7 8.
Bc4 O-O 9. O-O d5 10. exd5 cxd5 11. Bb3 a5 12. Bg5 Bb7 13. Re1 e6 14. Na3 a4
15. Bxa4 Qb6+ 16. Be3 Qxb2 17. Bc5 Qxc3 18. Bxf8 Bxf8 19. Qb3 Qc5+ 20. Re3 Rxa4
21. Nc2 Rc4 22. Ne1 Bh6 23. Qxb7 Qxe3+ 24. Kf1 Bf8 25. Qb2 Bc5 26. Rd1 Qg1+ 0-1

[Event "60. BEM 2006"]
[Site "Dortmund"]
[Date "2006.03.07"]
[Round "2.5"]
[White "Grube, Jörg"]
[Black "Zimmermann, Dirk"]
[Result "0-1"]
[WhiteElo "1776"]
[BlackElo "2006"]
[PlyCount "116"]
[EventDate "2006.??.??"]
[Source "SG Dortmund"]
[SourceDate "2004.12.16"]

1. e4 g6 2. d4 Bg7 3. Nc3 d6 4. Be3 Nf6 5. f3 c6 6. Qd2 Nbd7 7. h4 b5 8. O-O-O
Nb6 9. g4 h5 10. g5 Nfd7 11. f4 b4 12. Nb1 a5 13. Nh3 Nf8 14. Bd3 Ba6 15. Bxa6
Rxa6 16. Qd3 Ra7 17. f5 d5 18. Nf4 Qd7 19. fxg6 dxe4 20. gxf7+ Kxf7 21. Qxe4
Nd5 22. Nxd5 cxd5 23. Qf3+ Ke8 24. Rhf1 e6 25. Nd2 a4 26. Qg3 Ng6 27. Qb8+ Ke7
28. Qxb4+ Ke8 29. Qb8+ Ke7 30. Qb4+ Ke8 31. c4 Rb7 32. Qa3 Nxh4 33. cxd5 exd5
34. Rde1 Kd8 35. Kb1 Nf5 36. Rf4 Re8 37. Nf3 Nd6 38. Bd2 Nc4 39. Rxe8+ Qxe8 40.
Qc5 Rxb2+ 41. Kc1 Qd7 42. Ba5+ Ke8 43. Bb4 Kd8 44. Ne5 Nxe5 45. dxe5 Re2 46.
Bc3 Ke8 47. e6 Qxe6 48. Qb5+ Kd8 49. Ba5+ Kc8 50. Qc5+ Kd7 51. Qc7+ Ke8 52.
Qb8+ Kd7 53. Qb5+ Kc8 54. Qc5+ Kd7 55. Qc7+ Ke8 56. Qxg7 Qe3+ 57. Kd1 Qd3+ 58.
Kc1 Qc2# 0-1

[Event "60. BEM 2006"]
[Site "Dortmund"]
[Date "2006.03.07"]
[Round "2.7"]
[White "Grewe, Markus"]
[Black "Borjini, Mohamed"]
[Result "1/2-1/2"]
[WhiteElo "1751"]
[BlackElo "1979"]
[PlyCount "59"]
[EventDate "2006.??.??"]
[Source "SG Dortmund"]
[SourceDate "2004.12.16"]

1. e4 e6 2. d4 d5 3. exd5 exd5 4. c4 Nf6 5. Nc3 Be7 6. Nf3 O-O 7. Bd3 dxc4 8.
Bxc4 Bg4 9. O-O Nc6 10. Be3 Nb4 11. a3 Nbd5 12. h3 Bh5 13. Be2 Nxe3 14. fxe3
Nd5 15. Qd3 Bg6 16. e4 Nf4 17. Qe3 Nxe2+ 18. Nxe2 Qd6 19. Rac1 Qb6 20. b4 Bd6
21. e5 Rfe8 22. Nf4 c6 23. Nxg6 hxg6 24. Rce1 Qb5 25. Qb3 Be7 26. Re4 Qd5 27.
Qxd5 cxd5 28. Re3 Rac8 29. Rb1 Rc4 30. Rbb3 1/2-1/2

[Event "60. BEM 2006"]
[Site "Dortmund"]
[Date "2006.03.07"]
[Round "2.8"]
[White "Tkachuk, Konstantyn"]
[Black "Kolodziej, Dennis"]
[Result "1-0"]
[WhiteElo "1927"]
[BlackElo "1727"]
[PlyCount "63"]
[EventDate "2006.??.??"]
[Source "SG Dortmund"]
[SourceDate "2004.12.16"]

1. e4 c5 2. Nf3 e6 3. d4 cxd4 4. Nxd4 Nf6 5. Bd3 a6 6. c4 d6 7. O-O Nc6 8. Be3
Ne5 9. h3 Qc7 10. b3 Bd7 11. f4 Nc6 12. Nc3 Be7 13. Rc1 h6 14. Qe2 Qa5 15. g4
g5 16. Nxc6 Bxc6 17. f5 e5 18. Nd5 Bxd5 19. cxd5 Kd7 20. Rc4 Rhc8 21. Ra4 Qd8
22. Bb5+ Kc7 23. Qf2 Nd7 24. Bxd7 Qxd7 25. f6 Bd8 26. Ba7 Qb5 27. Rc4+ Kd7 28.
Qf5+ Ke8 29. Rxc8 Rxa7 30. Rfc1 Qd3 31. Rxd8+ Kxd8 32. Rc8# 1-0

[Event "60. BEM 2006"]
[Site "Dortmund"]
[Date "2006.03.07"]
[Round "2.9"]
[White "Schultz, Bernfried"]
[Black "Büchle, Manfred"]
[Result "0-1"]
[WhiteElo "1716"]
[BlackElo "1908"]
[PlyCount "80"]
[EventDate "2006.??.??"]
[Source "SG Dortmund"]
[SourceDate "2004.12.16"]

1. e4 c5 2. Nf3 d6 3. d4 cxd4 4. Nxd4 Nf6 5. Nc3 a6 6. Be3 e6 7. f3 Nbd7 8. Qd2
Qc7 9. g4 Ne5 10. g5 Nfd7 11. Rg1 Nc4 12. Bxc4 Qxc4 13. O-O-O b5 14. Kb1 Bb7
15. h4 Rc8 16. h5 b4 17. Na4 g6 18. h6 e5 19. b3 Qc7 20. Ne2 Bc6 21. Nb2 Bb5
22. Rc1 Be7 23. c4 Bc6 24. Qxb4 d5 25. Qd2 dxe4 26. f4 O-O 27. fxe5 Nxe5 28.
Qc3 f6 29. Nd4 Rf7 30. Rcf1 Nf3 31. Nxf3 exf3 32. gxf6 Bxf6 33. Bd4 Be4+ 34.
Ka1 Qf4 35. Bxf6 Qxf6 36. Qxf6 Rxf6 37. Rg4 Re8 38. Na4 Bd3 39. Rd1 f2 40. Nc5
Re1 0-1

[Event "60. BEM 2006"]
[Site "Dortmund"]
[Date "2006.03.07"]
[Round "2.10"]
[White "Mrozinski, Werner"]
[Black "Volmer, Martin"]
[Result "1/2-1/2"]
[WhiteElo "1899"]
[BlackElo "1704"]
[PlyCount "85"]
[EventDate "2006.??.??"]
[Source "SG Dortmund"]
[SourceDate "2004.12.16"]

1. e4 c5 2. Nf3 Nc6 3. d4 cxd4 4. c3 d5 5. exd5 Qxd5 6. cxd4 e5 7. Nc3 Bb4 8.
a3 Bxc3+ 9. bxc3 exd4 10. cxd4 Nf6 11. Be2 O-O 12. O-O Bg4 13. Bb2 Rfe8 14. h3
Bh5 15. Re1 Rad8 16. Qa4 a6 17. Bc4 Qa5 18. Rxe8+ Rxe8 19. Qb3 Qc7 20. Ne5 Na5
21. Qb4 Nxc4 22. Nxc4 Nd5 23. Qb3 Nf4 24. Ne5 Kh8 25. Re1 f6 26. Nf3 Rxe1+ 27.
Nxe1 Qc6 28. Qe3 Nd5 29. Qg3 h6 30. Kh2 Qc7 31. Qxc7 Nxc7 32. Nd3 Kg8 33. Kg3
g5 34. Nc5 b5 35. h4 Kf7 36. hxg5 hxg5 37. Bc3 Ke7 38. Ba5 Ne6 39. Bb4 Nxc5 40.
Bxc5+ Ke6 41. f4 Bd1 42. fxg5 fxg5 43. Kf2 1/2-1/2

[Event "60. BEM 2006"]
[Site "Dortmund"]
[Date "2006.03.07"]
[Round "2.11"]
[White "Werner, Patrick"]
[Black "Barskij, Aleksandr"]
[Result "0-1"]
[WhiteElo "1691"]
[BlackElo "1891"]
[PlyCount "66"]
[EventDate "2006.??.??"]
[Source "SG Dortmund"]
[SourceDate "2004.12.16"]

1. e4 c5 2. Nf3 d6 3. d4 cxd4 4. Nxd4 Nf6 5. Nc3 Nc6 6. Be3 e6 7. Be2 Be7 8.
O-O O-O 9. f4 a6 10. a4 Qc7 11. Qe1 Nxd4 12. Bxd4 e5 13. Be3 Be6 14. f5 Bc4 15.
g4 d5 16. g5 Nxe4 17. Nxe4 dxe4 18. f6 Bc5 19. Bxc4 Bxe3+ 20. Qxe3 Qxc4 21.
Rae1 Qxc2 22. Re2 Qxa4 23. fxg7 Kxg7 24. Qh3 Rac8 25. Qh6+ Kg8 26. Kh1 Rc2 27.
Re3 Qc6 28. g6 hxg6 29. Rh3 e3+ 30. Rff3 Rc1+ 31. Kg2 Qc2+ 32. Kg3 Rg1+ 33. Kh4
Qe4+ 0-1

[Event "60. BEM 2006"]
[Site "Dortmund"]
[Date "2006.03.07"]
[Round "2.12"]
[White "Zeldin, Vitali"]
[Black "Rölz, Marcus"]
[Result "1-0"]
[WhiteElo "1886"]
[BlackElo "1674"]
[PlyCount "153"]
[EventDate "2006.??.??"]
[Source "SG Dortmund"]
[SourceDate "2004.12.16"]

1. e4 e5 2. Nf3 Nf6 3. Nc3 Nc6 4. Bb5 d6 5. d4 exd4 6. Nxd4 Bd7 7. O-O Be7 8.
h3 O-O 9. Bxc6 bxc6 10. Qf3 a6 11. Bf4 Qb8 12. Rab1 Re8 13. Rfe1 c5 14. Nde2
Bc6 15. Nd5 Qb7 16. c4 Nxd5 17. cxd5 Bd7 18. Ng3 Bf8 19. Nh5 Kh8 20. Bd2 Re7
21. Bc3 f6 22. Re3 Rf7 23. g4 Be7 24. Kh2 Raf8 25. Nf4 Bd8 26. Qg3 c6 27. Rd1
Kg8 28. dxc6 Bxc6 29. Nd5 Re8 30. Qxd6 Rd7 31. Qxc5 Bxd5 32. Rxd5 Be7 33. Qc4
Rc7 34. Rc5+ Kf8 35. Rxc7 Bd6+ 36. Kg1 Qxc7 37. Qxc7 Bxc7 38. Kf1 Rd8 39. Ke2
Kf7 40. Rd3 Rc8 41. Rd7+ Kg6 42. h4 Bf4 43. Kf3 Rc7 44. h5+ Kg5 45. Rd5+ Be5
46. Bxe5 fxe5 47. Rxe5+ Kf6 48. Ra5 Rc6 49. Ke3 Rb6 50. b3 Rc6 51. f4 Ke6 52.
f5+ Kf6 53. Kf4 Kf7 54. g5 Kf8 55. g6 h6 56. a4 Ke7 57. b4 Rb6 58. b5 axb5 59.
Rxb5 Ra6 60. a5 Kf8 61. e5 Rc6 62. e6 Ke7 63. Ke5 Ra6 64. Rb7+ Kf8 65. Rb5 Ke7
66. Rc5 Ra7 67. Kd5 Ra6 68. Kc4 Ra8 69. Rc7+ Kf8 70. Kb5 Rb8+ 71. Kc6 Rb1 72.
Rf7+ Ke8 73. Rxg7 Rc1+ 74. Kb6 Rb1+ 75. Ka7 Rb5 76. a6 Kf8 77. Rf7+ 1-0